| 000 | 00761cam a2200253 4500 | ||
|---|---|---|---|
| 001 | ABS63548 | ||
| 008 | 000000n2001 000 0 eng u | ||
| 035 | _a(Sirsi) u111168 | ||
| 245 | _aFocus 2001: Wales | ||
| 260 | _c2001 | ||
| 490 |
_aEstates Gazette _v(0108) 24 February 2001, 75-146(20) |
||
| 590 | _aABS | ||
| 650 | _aCARDIFF | ||
| 650 | _aSWANSEA | ||
| 650 | _aSOUTH WALES | ||
| 650 | _aNORTH WALES | ||
| 650 | _aINDUSTRIAL MARKET | ||
| 650 | _aPROPERTY-COMMERCIAL PROPERTY-RETAIL PROPERTY-RETAIL PROPERTY MARKET | ||
| 650 | _aPROPERTY-COMMERCIAL PROPERTY-OFFICE PROPERTY-OFFICE PROPERTY MARKET | ||
| 650 | _aLEISURE MARKET | ||
| 650 | _aCALL CENTRES | ||
| 690 | _aPROPERTY-COMMERCIAL PROPERTY-COMMERCIAL PROPERTY MARKET | ||
| 942 | _n0 | ||
| 999 |
_c66225 _d66225 |
||